Länder Europas mit dem niedrigsten HDI - Statistiken

Allgemein
  • Dieses Quiz wurde 80 mal gespielt
  • Das Durchschnittsergebnis liegt bei 13 aus 16
Antwortstatistiken
HDI Land % Korrekt
0.810 Albanien
94%
0.845 Bulgarien
94%
0.845 Rumänien
93%
0.815 Nordmazedonien
91%
0.833 Serbien
91%
0.880 Slowakei
90%
0.785 Moldawien
88%
0.779 Ukraine
86%
0.824 Belarus
83%
0.804 Bosnien und Herzegowina
81%
0.870 Ungarn
81%
0.889 Kroatien
77%
0.862 Montenegro
72%
0.832 Russland
70%
0.889 Lettland
68%
0.890 Portugal
54%
Keine übereinstimmenden Quizze gefunden
Verteilung der Resultate
Anzahl Personen mit jedem Resultat
Perzentil nach korrekt beantworteten Fragen
Ihre Resultats-Entwicklung
Sie haben dieses Quiz noch nicht gespielt